| 000 | 01954cam a22004218i 4500 | ||
|---|---|---|---|
| 001 | 20740391 | ||
| 003 | NUST | ||
| 005 | 20230314132928.0 | ||
| 008 | 181105s2019 nju b 001 0 eng | ||
| 010 | _a 2018049251 | ||
| 020 | _a9781119217367 (hardcover) | ||
| 035 | _a(DNAL)1394963 | ||
| 040 |
_aDNAL/DLC _beng _erda _cDNAL |
||
| 042 | _apcc | ||
| 050 | 0 | 0 |
_aGB1201.7 _b.W55 2019 |
| 070 | 0 |
_aGB1201.7 _b.W55 2019 |
|
| 082 | 0 | 0 |
_a551.483 WIL _223 _bWIL |
| 100 | 1 |
_aWilliams, John G., _d1941- _eauthor. _9110272 |
|
| 245 | 1 | 0 |
_aEnvironmental flow assessment : _bmethods and applications / _cJohn G. Williams, Peter B. Moyle, Angus Webb, G. Mathias Kondolf. |
| 263 | _a1904 | ||
| 264 | 1 |
_aHoboken, NJ : _bJohn Wiley & Sons, Inc., _c2019. |
|
| 300 | _apages cm | ||
| 336 |
_atext _2rdacontent |
||
| 337 |
_aunmediated _2rdamedia |
||
| 338 |
_avolume _2rdacarrier |
||
| 504 | _aIncludes bibliographical references and index. | ||
| 505 | 0 | _aAn introduction to environmental flows -- A brief history of environmental flow assessment -- A primer on flow in rivers and streams -- Life in and around streams -- Tools for environmental flow assessment -- Environmental flow methods -- Good modeling practice for EFA -- Dams and channel morphology -- Improving the use of existing evidence and expert opinion in environmental flow assessments -- Summary conclusions and recommendations. | |
| 650 | 0 |
_aStream measurements. _939981 |
|
| 650 | 0 |
_aStream ecology. _9110273 |
|
| 650 | 0 |
_aEnvironmental impact analysis. _95774 |
|
| 700 | 1 |
_aMoyle, Peter B., _eauthor. _9110274 |
|
| 700 | 1 |
_aWebb, Angus, _d1971- _eauthor. _9110275 |
|
| 700 | 1 |
_aKondolf, G. Mathias, _eauthor. _9110276 |
|
| 776 | 0 | 8 |
_iOnline version: _aWilliams, John G., 1941- author. _tEnvironmental flow assessment _dHoboken, NJ : John Wiley & Sons, Inc., 2019 _z9781119217398 _w(DLC) 2018056504 |
| 906 |
_a7 _bcbc _corignew _d1 _eecip _f20 _gy-gencatlg |
||
| 942 |
_2ddc _cBK |
||
| 999 |
_c593709 _d593709 |
||